Sovrani di Toscana - Statistics

Statistiche generali
  • Questo quiz è stato fatto 40 volte
  • Il punteggio medio è 11 su 30
Statistiche sulle risposte
Durata Sovrano % Corretto
1516-1519 Lorenzo de' Medici duca di Urbino
96%
1469-1492 Lorenzo de' Medici il Magnifico
96%
1434-1464 Cosimo de' Medici il Vecchio
86%
1765-1790 Pietro Leopoldo I Asburgo-Lorena
61%
1824-1859 Leopoldo II Asburgo Lorena
54%
1512-1513 Cardinale Giovanni de' Medici
46%
1537-1574 Cosimo I de' Medici
46%
1609-1621 Cosimo II de' Medici
46%
1670-1723 Cosimo III de' Medici
43%
1723-1737 Gian Gastone de' Medici
43%
1492-1494 Piero de' Medici il Fatuo
43%
1464-1469 Piero de' Medici il Gottoso
43%
1494-1498 Girolamo Savonarola
39%
1519-1523 Cardinale Giulio de' Medici
32%
1587-1609 Ferdinando I de' Medici
32%
1621-1670 Ferdinando II de' Medici
32%
1574-1587 Francesco I de' Medici
32%
1790-1801 Ferdinando III Asburgo-Lorena
29%
1814-1824 Ferdinando III Asburgo-Lorena
29%
1737-1765 Francesco II Lorena
29%
1513-1516 Giuliano de' Medici duca di Nemours
29%
1523-1527 Alessandro de' Medici
21%
1530-1537 Alessandro de' Medici
21%
1859-1860 Ferdinando IV Asburgo-Lorena
18%
1523-1527 Ippolito de' Medici
14%
1498-1512 Pier Soderini
14%
1809-1814 Elisa Bonaparte
11%
1801-1803 Ludovico I Borbone-Parma
11%
1803-1807 Ludovico II Borbone-Parma
11%
1527-1529 Niccolò Capponi
7%
Nessun quiz corrispondente trovato
Distribuzione punteggi
Percentuale di utenti per punteggio
Percentile per numero di risposta
I tuoi punteggi nel tempo
Non hai fatto questo quiz